1147 1094 1079 1504 1178 1791 1103 1262 1331 1032 1421 1259 1616 1135 1648 1726 1370 1609 1381 1005 1853 1431 1954 1265 1346 1909 1837 1991 1749 1927 1638 1192 1473 1458 1915 1414 1260 1723 1539 1499 1285 1652 1576 1574 1769 1722 1153 1414 1715 1481 1336 1396 1741 1811 1107 1165 1717 1513 1461 1616 1588 1636 1251 1368 1924 1595 1746 1856 1110 1767 1976 1609 1749 1984 1209 1439 1938 1539 1126 1155 1757 1309 1741 1989 1832 1068 1687 1498 1801 1646 1082 1808 1161 1209 1253 1338 1113 1512 1813 BCNSPRNW ULIB Ver.6.0+V

เปลี่ยนเป็นภาษาไทย

Change to English
 แสดงรายละเอียดบรรณานุกรม
  กลับหน้าหลัก

Brief Record : Get Marc (ISO 2709) : E-mail record : QR code < ปิดหน้าต่าง
LEADER : 00000nam 2200000uu 4500
001    13399128434
003     ULIB
008    230828s2022||||th 000 0 tha d
020    ^a9786164436626
060  4 ^aWR152^bK95C
100 0  ^aKUMUTNART CHANPRAPAPH.
245 00 ^aCutaneous lupus erythematosus /^cKUMUTNART CHANPRAPAPH.
260    ^aBangkok :^bDivision of Dermatology,Department of Internal Medicine, Faculty of Medicine Ramathibodi Hospital, Machidol University,^c2022.
300    ^axvii, 512 pages :^bcolor illustrations
504    ^aIncludes bibliographical references and index.
650  0 ^aLupus erythematosus.
650  2 ^aLupus Erythematosus, Cutaneous^xpathology.
650  2 ^aLupus Erythematosus, Cutaneous^xtherapy.
945    ^p1200^l0^i010192
999    ^aประนอม เกษจรัล
รายการนี้ยังไม่มีแท็ก
คุณยังไม่ได้ล็อกอิน คุณสามารถมีกิจกรรมร่วมกับเว็บไซต์ได้ แต่ต้องล็อกอินก่อน ::
  ล็อกอิน

รายการสื่อสารสนเทศ

ลำดับที่ ประเภท เลขเรียก/บาร์โค้ด สถานที่ สถานะ
1. วิทยาศาสตร์การแพทย์ และสุขภาพ
หนังสือสำรอง
สถานะ=หนังสือสำรอง
WR152 K95C ฉ.1 
  Barcode: 010192
ห้องสมุดวิทยาเขตสวรรค์ประชารักษ์
►หนังสือทั่วไป
บนชั้น

BibComment


ยังไม่เคยถูกคอมเมนท์

คอมเมนท์ทรัพยากรรายการนี้
  คอมเมนท์: Cutaneous lupus ..


 Copyright 2026. Bcnsprnw @Library